[Event "First Saturday 2011 februar FM-A"]
[Site "Budapest"]
[Date "2011.02.05"]
[Round "1"]
[White "Zala, Gyula"]
[Black "Kron, Gabor"]
[Result "1-0"]
[WhiteElo "2023"]
[BlackElo "1860"]
[PlyCount "113"]
[EventDate "2011.02.05"]

1. e4 c6 2. d4 d5 3. c4 dxe4 4. Be3 Bf5 5. Nc3 Nf6 6. Be2 e6 7. Rc1 Be7 8. Nh3
h6 9. g4 Bh7 10. Rg1 g5 11. Rg2 Rg8 12. Kf1 Nbd7 13. Rc2 Qc7 14. Rd2 Nb6 15. a4
Bb4 16. Qb3 a5 17. f3 exf3 18. Bxf3 Nbd7 19. Nf2 Rd8 20. Nd3 Bxd3+ 21. Rxd3 Nc5
22. Nd5 Nxb3 23. Nxc7+ Kd7 24. Nxe6 fxe6 25. Rxb3 Rdf8 26. Ke2 Rf7 27. Rd3 Kc7
28. h4 Nh7 29. h5 Rgf8 30. Rf2 Bd6 31. Be4 Rxf2+ 32. Bxf2 Nf6 33. Bf3 Be7 34.
Rb3 Bb4 35. Bg3+ Bd6 36. Be1 Bb4 37. Bf2 Re8 38. Bg3+ Bd6 39. Bxd6+ Kxd6 40.
Rxb7 e5 41. c5+ Ke6 42. Bxc6 Rd8 43. dxe5 Kxe5 44. Bf3 Kf4 45. Rf7 Ke5 46. c6
Ke6 47. Ra7 Ne8 48. Rxa5 Rd4 49. Ke3 Rb4 50. Rb5 Rxa4 51. Rb8 Ke7 52. Rb7+ Kd8
53. Rh7 Rb4 54. Rxh6 Rxb2 55. Rh8 Rb3+ 56. Kf2 Ke7 57. Rg8 1-0

[Event "First Saturday 2011 februar FM-A"]
[Site "Budapest"]
[Date "2011.02.05"]
[Round "1"]
[White "Szalanczy, Emil"]
[Black "Borda, Lajos"]
[Result "1-0"]
[WhiteElo "2239"]
[BlackElo "2108"]
[PlyCount "93"]
[EventDate "2011.02.05"]

1. e4 c5 2. Nf3 a6 3. Nc3 b5 4. d4 cxd4 5. Nxd4 Bb7 6. Bd3 Nc6 7. Be3 e6 8. O-O
Qc7 9. Kh1 Nxd4 10. Bxd4 e5 11. Be3 Bc5 12. Qg4 Kf8 13. Bxc5+ Qxc5 14. Qxd7 Bc6
15. Qh3 Nf6 16. Rae1 h5 17. Qe3 Qd6 18. f3 Nd7 19. Rd1 Qe6 20. Nd5 Bxd5 21.
exd5 Qd6 22. Rfe1 g6 23. a4 bxa4 24. Ra1 Kg7 25. Rxa4 Rhe8 26. Rea1 Nc5 27. Ra5
Rec8 28. Bf1 Nb7 29. Qa3 Qb6 30. Ra4 Rxc2 31. Rb4 Qc7 32. Qe3 Nc5 33. f4 Rd8
34. Rc4 Rxc4 35. Bxc4 exf4 36. Qd4+ Kh7 37. Rf1 a5 38. h3 f5 39. Ra1 Ne4 40. b4
Rc8 41. Bf1 Ng3+ 42. Kg1 Qc1 43. Rxc1 Rxc1 44. Qc4 Ra1 45. bxa5 Nxf1 46. Qxf1
Rxa5 47. Qd1 1-0

[Event "First Saturday 2011 februar FM-A"]
[Site "Budapest"]
[Date "2011.02.05"]
[Round "1"]
[White "Erdos, Boglarka"]
[Black "Mayer, Istvan"]
[Result "1-0"]
[WhiteElo "2157"]
[BlackElo "2069"]
[PlyCount "137"]
[EventDate "2011.02.05"]

1. e4 e6 2. d4 d5 3. Nc3 dxe4 4. Nxe4 Bd7 5. Nf3 Bc6 6. Bd3 Nd7 7. O-O Ngf6 8.
Ng3 h5 9. Re1 h4 10. Nf5 h3 11. c4 Bxf3 12. Qxf3 g6 13. Ng3 c6 14. Bg5 Be7 15.
d5 cxd5 16. cxd5 Nxd5 17. Rxe6 Nc5 18. Bb5+ Kf8 19. Bxe7+ Nxe7 20. Re2 Qd4 21.
Rae1 Nc6 22. Bxc6 bxc6 23. Qxc6 Kg7 24. b3 Rac8 25. Qf3 hxg2 26. Re7 Rhf8 27.
Kxg2 Rcd8 28. Rg1 Nd3 29. Re4 Qb2 30. Re2 Qd4 31. Re4 Qb2 32. Re3 Ne5 33. Qf4
Nd3 34. Qf3 Ne5 35. Qe4 Rfe8 36. Re2 Qc3 37. Re3 Nd3 38. Qf3 Rxe3 39. Qxe3 Re8
40. Qxe8 Nf4+ 41. Kf1 Qd3+ 42. Ke1 Qc3+ 43. Kd1 Qd3+ 44. Kc1 Qc3+ 45. Kb1 Qd3+
46. Kb2 Qd2+ 47. Ka3 Qd6+ 48. Ka4 Qd4+ 49. b4 Qd5 50. Qc8 Qxa2+ 51. Kb5 Qd5+
52. Ka6 Qa2+ 53. Kb7 Ne6 54. Nh5+ Kh7 55. Nf6+ Kg7 56. Ne8+ Kh7 57. Nf6+ Kg7
58. Ne8+ Kh7 59. Nc7 Qxf2 60. Rc1 Qf3+ 61. Kb8 Qf4 62. Rc2 Qxb4+ 63. Qb7 Qf4
64. Rc3 Qd6 65. Rh3+ Kg7 66. Qb2+ f6 67. Qb7 Nd8 68. Qb5 Nc6+ 69. Kb7 1-0

[Event "First Saturday 2011 februar FM-A"]
[Site "Budapest"]
[Date "2011.02.05"]
[Round "1"]
[White "Lakat, Gyula"]
[Black "Tran, Minh Trang"]
[Result "0-1"]
[WhiteElo "1930"]
[BlackElo "2072"]
[PlyCount "32"]
[EventDate "2011.02.05"]

1. d4 e6 2. Nf3 f5 3. Nc3 Nf6 4. Bg5 Be7 5. Bxf6 Bxf6 6. e3 O-O 7. Bd3 b6 8.
Qe2 d5 9. h4 c5 10. b3 Nc6 11. Bb5 Qc7 12. Bxc6 Qxc6 13. Qb5 Qc7 14. Ne2 cxd4
15. Nexd4 Qc3+ 16. Ke2 a5 0-1

[Event "First Saturday 2011 februar FM-A"]
[Site "Budapest"]
[Date "2011.02.05"]
[Round "1"]
[White "Schimmer, Michael"]
[Black "Juracsik, Jozsef"]
[Result "0-1"]
[WhiteElo "1889"]
[BlackElo "2241"]
[PlyCount "48"]
[EventDate "2011.02.05"]

1. e4 c5 2. Nf3 d6 3. d4 cxd4 4. Qxd4 a6 5. c4 Nc6 6. Qd3 Nf6 7. Nc3 Bg4 8. Be2
e6 9. h3 Bh5 10. Bf4 Bg6 11. Nh4 Bxe4 12. Nxe4 Nxe4 13. Qxe4 Qxh4 14. Rd1 Be7
15. g3 Qf6 16. Rd2 Rd8 17. O-O O-O 18. Rfd1 Rd7 19. c5 d5 20. Qc2 e5 21. Be3 d4
22. Rd3 Nb4 23. Qc4 Nxd3 24. Rxd3 Rc7 0-1

[Event "First Saturday 2011 februar FM-A"]
[Site "Budapest"]
[Date "2011.02.06"]
[Round "2"]
[White "Tomasek, Tamas Mate"]
[Black "Juracsik, Jozsef"]
[Result "0-1"]
[WhiteElo "1986"]
[BlackElo "2241"]
[PlyCount "44"]
[EventDate "2011.02.05"]

1. d4 Nf6 2. Nf3 c5 3. c3 b6 4. Bf4 Bb7 5. e3 g6 6. Bd3 Bg7 7. O-O O-O 8. Nbd2
d6 9. Qc2 Nc6 10. Rad1 Rc8 11. Qb1 Qe8 12. Ne4 Nxe4 13. Bxe4 Rc7 14. b4 cxb4
15. cxb4 Qa8 16. Rc1 Rfc8 17. b5 Nxd4 18. Rxc7 Ne2+ 19. Kh1 Rxc7 20. Bxb7 Qxb7
21. Bg3 Nc3 22. Qb3 Qd5 0-1

[Event "First Saturday 2011 februar FM-A"]
[Site "Budapest"]
[Date "2011.02.06"]
[Round "2"]
[White "Tran, Minh Trang"]
[Black "Schimmer, Michael"]
[Result "0-1"]
[WhiteElo "2072"]
[BlackElo "1889"]
[PlyCount "104"]
[EventDate "2011.02.05"]

1. d4 c5 2. c3 e6 3. Bf4 Nf6 4. Nd2 Nc6 5. e3 d5 6. Bd3 Be7 7. h3 O-O 8. Ngf3
Re8 9. Ne5 Nxe5 10. dxe5 Nd7 11. Qh5 Nf8 12. Nf3 Bd7 13. Ng5 Bxg5 14. Bxg5 Qb6
15. Rb1 Bb5 16. Qe2 a6 17. h4 Ng6 18. Bf4 Red8 19. Bg3 Bxd3 20. Qxd3 Qc7 21. f4
Ne7 22. h5 Rd7 23. h6 g6 24. Bf2 Rad8 25. g4 Qa5 26. Bh4 Qxa2 27. O-O Qc4 28.
Qd2 Qe4 29. Rbd1 Kh8 30. Qf2 Re8 31. Bxe7 Rdxe7 32. Rde1 g5 33. Kh2 Rg8 34. Kh3
Rg6 35. fxg5 Qxe5 36. Qf4 Rxg5 37. Kh4 Qxf4 38. exf4 Rg8 39. f5 e5 40. g5 e4
41. g6 hxg6 42. Kg5 gxf5+ 43. Kf6 Re6+ 44. Kxf7 Rxh6 45. Rxf5 Rg7+ 46. Kf8 Rd7
47. Rg1 Rd8+ 48. Ke7 Rg8 49. Rxg8+ Kxg8 50. Rg5+ Kh7 51. Rxd5 Rb6 52. Rd2 Kg6
0-1

[Event "First Saturday 2011 februar FM-A"]
[Site "Budapest"]
[Date "2011.02.06"]
[Round "2"]
[White "Mayer, Istvan"]
[Black "Lakat, Gyula"]
[Result "1/2-1/2"]
[WhiteElo "2069"]
[BlackElo "1930"]
[PlyCount "32"]
[EventDate "2011.02.05"]

1. d4 Nf6 2. Nf3 d6 3. g3 g6 4. Bg2 Bg7 5. O-O O-O 6. c4 Nc6 7. Nc3 e5 8. dxe5
dxe5 9. e4 Be6 10. h3 Qxd1 11. Rxd1 Rfd8 12. Be3 a6 13. Rxd8+ Rxd8 14. Nd5 Rd7
15. Ng5 h6 16. Nxe6 fxe6 1/2-1/2

[Event "First Saturday 2011 februar FM-A"]
[Site "Budapest"]
[Date "2011.02.06"]
[Round "2"]
[White "Borda, Lajos"]
[Black "Erdos, Boglarka"]
[Result "1-0"]
[WhiteElo "2108"]
[BlackElo "2157"]
[PlyCount "62"]
[EventDate "2011.02.05"]

1. e4 e6 2. d4 d5 3. e5 c5 4. c3 Nc6 5. Nf3 Bd7 6. Bd3 Qb6 7. dxc5 Bxc5 8. Qc2
Qc7 9. Bf4 Nge7 10. Bg3 Ng6 11. Qe2 Bb6 12. h4 d4 13. Na3 Bc5 14. Nb5 Qb6 15.
h5 Nf8 16. cxd4 Bb4+ 17. Kf1 a6 18. Nd6+ Bxd6 19. exd6 Nb4 20. a4 Nxd3 21. Qxd3
Qxb2 22. Rb1 Qa2 23. h6 gxh6 24. Rxb7 Qa1+ 25. Ne1 Qxa4 26. Rh5 Rc8 27. Qf3 Rc1
28. Qf6 Ng6 29. Rxh6 Kf8 30. Rxg6 Qc4+ 31. Kg1 e5 1-0

[Event "First Saturday 2011 februar FM-A"]
[Site "Budapest"]
[Date "2011.02.07"]
[Round "3"]
[White "Zala, Gyula"]
[Black "Tomasek, Tamas Mate"]
[Result "1/2-1/2"]
[WhiteElo "2023"]
[BlackElo "1986"]
[PlyCount "30"]
[EventDate "2011.02.05"]

1. e4 e5 2. Be2 Nf6 3. Nc3 Bc5 4. Nf3 d6 5. O-O O-O 6. d4 exd4 7. Nxd4 Qe8 8.
Bf3 Nbd7 9. Bg5 Qe5 10. Be3 a6 11. Qd2 b5 12. Nc6 Bxe3 13. Qxe3 Qe6 14. Nd5
Nxd5 15. exd5 Qxe3 1/2-1/2

[Event "First Saturday 2011 februar FM-A"]
[Site "Budapest"]
[Date "2011.02.07"]
[Round "3"]
[White "Lakat, Gyula"]
[Black "Borda, Lajos"]
[Result "1/2-1/2"]
[WhiteElo "1930"]
[BlackElo "2108"]
[PlyCount "138"]
[EventDate "2011.02.05"]

1. d4 Nf6 2. Bf4 d6 3. Nf3 Nbd7 4. Nbd2 Nh5 5. Bg3 e5 6. e3 Be7 7. c3 f5 8.
dxe5 Nxg3 9. hxg3 dxe5 10. Bc4 Bd6 11. Nh4 Qg5 12. e4 Nc5 13. exf5 Bxf5 14.
Nxf5 Qxf5 15. Qh5+ Qxh5 16. Rxh5 O-O-O 17. b4 Na4 18. Ne4 Nxc3 19. Nxc3 Bxb4
20. Rc1 Rd4 21. Be6+ Kb8 22. Rxe5 Rd3 23. Re3 Rxe3+ 24. fxe3 Re8 25. Bd5 Rxe3+
26. Kd2 Rxg3 27. Bf3 Rg5 28. Kd3 Ra5 29. Nd5 Bd6 30. Rc2 h5 31. Re2 a6 32. Ke4
h4 33. Kf5 c6 34. Ke6 Bg3 35. Ne7 g5 36. Bxc6 Ra3 37. Bf3 h3 38. Nf5 Bf4 39.
Bd5 g4 40. gxh3 gxh3 41. Rb2 b5 42. Rf2 Bg3 43. Rf3 Rxf3 44. Bxf3 Bf4 45. Kd7
Ka7 46. Kc6 h2 47. Ne7 Be3 48. Nd5 Bf2 49. Nf6 Bg3 50. Ng4 Bf4 51. Kc5 Bc7 52.
Kc6 Bf4 53. Nf6 Be5 54. Nd7 Bg3 55. Nb6 Bf2 56. Nc8+ Kb8 57. Nd6 Ka7 58. Nc8+
Kb8 59. Kd7 Be3 60. Ne7 Ka7 61. Nc6+ Kb6 62. Kd6 Bf2 63. Kd5 Bg3 64. Be4 Bf4
65. Nd4 Bb8 66. Ne2 Bc7 67. Kd4 Bd6 68. Nc3 Bg3 69. Ne2 Bb8 1/2-1/2

[Event "First Saturday 2011 februar FM-A"]
[Site "Budapest"]
[Date "2011.02.07"]
[Round "3"]
[White "Schimmer, Michael"]
[Black "Mayer, Istvan"]
[Result "1-0"]
[WhiteElo "1889"]
[BlackElo "2069"]
[PlyCount "37"]
[EventDate "2011.02.05"]

1. e4 e6 2. d4 d5 3. Nc3 Bb4 4. e5 c5 5. a3 Ba5 6. Qg4 cxd4 7. Qxg7 dxc3 8. b4
Bc7 9. Qxh8 Kd7 10. Nf3 a6 11. Bd3 Nc6 12. Bf4 f6 13. Qg7+ Nce7 14. Bxh7 fxe5
15. Nxe5+ Bxe5 16. Bxe5 Kc6 17. Bxc3 Bd7 18. Qd4 Rc8 19. Qc5# 1-0

[Event "First Saturday 2011 februar FM-A"]
[Site "Budapest"]
[Date "2011.02.07"]
[Round "3"]
[White "Juracsik, Jozsef"]
[Black "Tran, Minh Trang"]
[Result "0-1"]
[WhiteElo "2241"]
[BlackElo "2072"]
[PlyCount "70"]
[EventDate "2011.02.05"]

1. e4 e6 2. d4 d5 3. Nc3 dxe4 4. Nxe4 Bd7 5. Nf3 Bc6 6. Bd3 Nd7 7. Qe2 Ngf6 8.
Ng3 Be7 9. Bd2 O-O 10. O-O-O Bxf3 11. gxf3 c5 12. Rhg1 cxd4 13. Ne4 Re8 14. Bh6
g6 15. Ng3 Bf8 16. Qd2 Ne5 17. Be2 Rc8 18. Kb1 Qc7 19. Bxf8 Rxf8 20. Rc1 Rfd8
21. Qh6 b5 22. h4 a5 23. h5 b4 24. Ne4 Nxe4 25. fxe4 a4 26. f4 a3 27. f5 exf5
28. exf5 Rd6 29. hxg6 fxg6 30. fxg6 Rxg6 31. Rxg6+ hxg6 32. Ba6 axb2 33. Kxb2
Qc3+ 34. Kb1 Rc6 35. Bb7 Nc4 0-1

[Event "First Saturday 2011 februar FM-A"]
[Site "Budapest"]
[Date "2011.02.08"]
[Round "4"]
[White "Tomasek, Tamas Mate"]
[Black "Tran, Minh Trang"]
[Result "1/2-1/2"]
[WhiteElo "1986"]
[BlackElo "2072"]
[PlyCount "64"]
[EventDate "2011.02.05"]

1. d4 e6 2. Nf3 f5 3. c4 Nf6 4. Bg5 Be7 5. Nc3 O-O 6. Bxf6 Bxf6 7. e4 fxe4 8.
Nxe4 b6 9. Bd3 Bb7 10. Qc2 Nc6 11. Qc3 d5 12. Nxf6+ Qxf6 13. cxd5 exd5 14. O-O
Rae8 15. Rae1 Qd6 16. Ng5 g6 17. Bb5 a6 18. Bxc6 Bxc6 19. Nf3 Bb5 20. Rxe8 Rxe8
21. Rc1 c6 22. Re1 c5 23. Rxe8+ Bxe8 24. Qe3 Bf7 25. h3 c4 26. a3 b5 27. Qc3
Qf4 28. Ne5 Kg7 29. g3 Qf5 30. Qa5 Qb1+ 31. Kg2 Qe4+ 32. Kg1 Qb1+ 1/2-1/2

[Event "First Saturday 2011 februar FM-A"]
[Site "Budapest"]
[Date "2011.02.08"]
[Round "4"]
[White "Borda, Lajos"]
[Black "Schimmer, Michael"]
[Result "1-0"]
[WhiteElo "2108"]
[BlackElo "1889"]
[PlyCount "87"]
[EventDate "2011.02.05"]

1. e4 d6 2. d4 Nf6 3. Bd3 g6 4. Ne2 Bg7 5. Ng3 Nc6 6. c3 e5 7. dxe5 Nxe5 8. Bc2
O-O 9. O-O Be6 10. f4 Nc6 11. Nd2 h5 12. Nf3 Qe7 13. Qe2 a5 14. f5 Bd7 15. Bg5
Ne5 16. Nh4 Kh7 17. Rae1 Rae8 18. h3 d5 19. exd5 Qc5+ 20. Kh1 Qxd5 21. fxg6+
Nxg6 22. Qd2 Qxd2 23. Bxd2 Bb5 24. Rxe8 Rxe8 25. Rf5 Bc6 26. Rxa5 Ne4 27. Rxh5+
Kg8 28. Nxe4 Bxe4 29. Bxe4 Rxe4 30. Nxg6 fxg6 31. Rd5 Be5 32. Kg1 Kf7 33. Kf2
Bd6 34. Be3 Ke6 35. Rg5 Kf7 36. Rg4 Re6 37. Bd4 c6 38. Kf3 Re1 39. c4 Bc7 40.
c5 Rf1+ 41. Ke2 Rf5 42. Kd3 Bb8 43. Be3 Be5 44. Rb4 1-0

[Event "First Saturday 2011 februar FM-A"]
[Site "Budapest"]
[Date "2011.02.08"]
[Round "4"]
[White "Zala, Gyula"]
[Black "Szalanczy, Emil"]
[Result "0-1"]
[WhiteElo "2023"]
[BlackElo "2239"]
[PlyCount "118"]
[EventDate "2011.02.05"]

1. d4 c5 2. e3 Nf6 3. c3 d5 4. f4 Nc6 5. Nf3 g6 6. Be2 Bg7 7. O-O O-O 8. Qe1
Bf5 9. Ng5 Qb6 10. Kh1 Rae8 11. Nd2 h6 12. Nh3 a5 13. Qh4 h5 14. Nf2 e6 15. h3
Qd8 16. Qg5 Kh7 17. Qg3 c4 18. Qh2 Rh8 19. Nf3 Kg8 20. g3 b5 21. Bd1 Ne4 22.
Nxe4 Bxe4 23. Kg1 Bf6 24. Bc2 Be7 25. Bxe4 dxe4 26. Nd2 Qd5 27. Qg2 f5 28. h4
Rc8 29. Qe2 Nb8 30. Nb1 Nd7 31. Rf2 Kf7 32. Qc2 Rc7 33. Re2 Rb8 34. Bd2 Nb6 35.
Be1 Qc6 36. Nd2 Nd5 37. a3 Rcc8 38. Kf2 Rb7 39. Kg2 Qc7 40. Kf2 b4 41. Nb1 bxc3
42. Nxc3 Rb3 43. Nxd5 exd5 44. Bd2 Rd3 45. Bc3 Rb8 46. Qa4 Bd8 47. Rd1 Rb7 48.
Rdd2 Qd7 49. Qxd7+ Rxd7 50. Ke1 Rb7 51. Kd1 Rb3 52. Kc1 Ke6 53. Re1 Kd7 54.
Rxd3 exd3 55. Rd1 Kc6 56. Rd2 Kb5 57. Kb1 Ka4 58. Rh2 Be7 59. Ka2 Bxa3 0-1

[Event "First Saturday 2011 februar FM-A"]
[Site "Budapest"]
[Date "2011.02.09"]
[Round "5"]
[White "Szalanczy, Emil"]
[Black "Tomasek, Tamas Mate"]
[Result "1-0"]
[WhiteElo "2239"]
[BlackElo "1986"]
[PlyCount "148"]
[EventDate "2011.02.05"]

1. e4 e6 2. d4 d5 3. Nc3 Nf6 4. e5 Nfd7 5. f4 c5 6. Nce2 cxd4 7. Nxd4 Nc6 8.
Ngf3 Bc5 9. c3 Qb6 10. Be2 Ndb8 11. O-O Bd7 12. Kh1 Nxd4 13. cxd4 Be7 14. a3
Bb5 15. Be3 Bxe2 16. Qxe2 Nc6 17. Rac1 g6 18. Rc3 Na5 19. Qc2 Nc4 20. Bc1 Qa6
21. Rg1 b5 22. Qe2 Rc8 23. b3 Nb6 24. Rxc8+ Nxc8 25. a4 Qb7 26. axb5 Nb6 27.
Be3 Na8 28. Qc2 Nc7 29. Rc1 Nxb5 30. f5 gxf5 31. Qc8+ Qxc8 32. Rxc8+ Bd8 33.
Rb8 a6 34. Bd2 h6 35. Ra8 Nc7 36. Ra7 Kd7 37. Ba5 Kc6 38. b4 Rf8 39. h3 Nb5 40.
Ra8 Kd7 41. Kh2 Re8 42. Rxa6 Bxa5 43. bxa5 Nc7 44. Rd6+ Ke7 45. Rc6 Kd7 46. Rc2
Ra8 47. Ra2 Na6 48. Kg3 Nb4 49. Ra4 Nc6 50. a6 Ne7 51. Ra2 Kc6 52. Kh4 Kb6 53.
Kh5 Ng8 54. Rc2 Kxa6 55. Rc7 Rf8 56. Ne1 Kb6 57. Rc2 Ra8 58. Nd3 Ra4 59. Nc5
Rxd4 60. Nd7+ Kb7 61. Nf6 Nxf6+ 62. exf6 e5 63. Kxh6 e4 64. Kg7 e3 65. Kxf7 Rd2
66. Rc1 d4 67. Ke6 Ra2 68. Kxf5 d3 69. Ke4 d2 70. Rb1+ Kc7 71. Kxe3 Kd6 72. Rd1
Ra3+ 73. Kxd2 Ke5 74. Ke2 Kxf6 {after 31 move} 1-0

[Event "First Saturday 2011 februar FM-A"]
[Site "Budapest"]
[Date "2011.02.09"]
[Round "5"]
[White "Erdos, Boglarka"]
[Black "Zala, Gyula"]
[Result "1/2-1/2"]
[WhiteElo "2157"]
[BlackElo "2023"]
[PlyCount "75"]
[EventDate "2011.02.05"]

1. e4 e5 2. d4 Nc6 3. d5 Nce7 4. Nf3 d6 5. c4 g6 6. Bd3 Bg7 7. Nc3 a6 8. Bd2
Bd7 9. Rc1 b6 10. Qe2 a5 11. b3 h6 12. Ng1 g5 13. f3 Ng6 14. g3 h5 15. Qg2 Bf6
16. Nge2 Qc8 17. Be3 Bh3 18. Qf2 Nh6 19. Nb5 Be7 20. Nec3 Kf8 21. Na4 Qd8 22.
Bf1 Nf4 23. Nxc7 Bxf1 24. Qxf1 Qxc7 25. gxf4 gxf4 26. Bxb6 Qd7 27. Kd2 Rb8 28.
Bxa5 Ra8 29. Bc3 Rxa4 30. bxa4 f5 31. Rb1 Kf7 32. Qh3 h4 33. Rb4 Rc8 34. Rhb1
Qa7 35. Qf1 Qe3+ 36. Kc2 fxe4 37. Qh3 Qd3+ 38. Kb2 1/2-1/2

[Event "First Saturday 2011 februar FM-A"]
[Site "Budapest"]
[Date "2011.02.09"]
[Round "5"]
[White "Juracsik, Jozsef"]
[Black "Borda, Lajos"]
[Result "0-1"]
[WhiteElo "2241"]
[BlackElo "2108"]
[PlyCount "86"]
[EventDate "2011.02.05"]

1. e4 c5 2. Nf3 a6 3. c3 d5 4. exd5 Qxd5 5. d4 Nf6 6. Be2 Bf5 7. c4 Qd6 8. d5
Nbd7 9. O-O h6 10. Nc3 g5 11. a4 Bg7 12. Re1 O-O 13. Ra3 Ng4 14. h3 Nge5 15.
Nh2 Ng6 16. Bf1 Rfe8 17. Ne4 Bxe4 18. Rxe4 e5 19. Re1 e4 20. Ng4 Nh4 21. Rb3 b6
22. a5 bxa5 23. Ne3 f5 24. Nc2 Ne5 25. Qh5 Re7 26. Be2 a4 27. Ra3 Nd7 28. Bf1
Rae8 29. Qd1 Ne5 30. Be2 Rb8 31. Rxa4 Rb3 32. Ne3 Reb7 33. Ra3 Rxa3 34. bxa3 f4
35. Bg4 fxe3 36. Be6+ Kh8 37. Qh5 exf2+ 38. Kxf2 Nd3+ 39. Ke2 Nxe1 40. Bxg5
Rb2+ 41. Kd1 Qf8 42. Bxh4 Nd3 43. Bf5 Rxg2 0-1

[Event "First Saturday 2011 februar FM-A"]
[Site "Budapest"]
[Date "2011.02.09"]
[Round "5"]
[White "Tran, Minh Trang"]
[Black "Mayer, Istvan"]
[Result "1-0"]
[WhiteElo "2072"]
[BlackElo "2069"]
[PlyCount "59"]
[EventDate "2011.02.05"]

1. d4 d6 2. Bf4 g6 3. e4 Bg7 4. c3 Nd7 5. Nf3 Ngf6 6. Nbd2 c6 7. Bc4 b5 8. Bb3
a5 9. a3 h6 10. Qe2 Ba6 11. O-O g5 12. Bg3 Nh5 13. e5 dxe5 14. Nxe5 Nxe5 15.
Qxh5 Nc4 16. Nxc4 bxc4 17. Bc2 O-O 18. Rfe1 c5 19. h4 e6 20. Be5 cxd4 21. Bxg7
Kxg7 22. Rxe6 d3 23. Qxh6+ Kg8 24. Rf6 Qd5 25. Bd1 Qb5 26. Bg4 Bc8 27. Bf5 Qxf5
28. Rxf5 Bxf5 29. Qxg5+ Bg6 30. h5 1-0

[Event "First Saturday 2011 februar FM-A"]
[Site "Budapest"]
[Date "2011.02.10"]
[Round "6"]
[White "Tomasek, Tamas Mate"]
[Black "Mayer, Istvan"]
[Result "0-1"]
[WhiteElo "1986"]
[BlackElo "2069"]
[PlyCount "92"]
[EventDate "2011.02.05"]

1. d4 d5 2. Nf3 Nf6 3. c4 dxc4 4. Nc3 e6 5. Qa4+ c6 6. Qxc4 Nbd7 7. g3 Bd6 8.
Bg2 O-O 9. O-O e5 10. Rd1 Qe7 11. Bg5 h6 12. Bxf6 Nxf6 13. d5 Bd7 14. Nd2 cxd5
15. Nxd5 Nxd5 16. Bxd5 Rac8 17. Qb3 Bc6 18. Ne4 Bb4 19. a3 Bc5 20. Rac1 Bb6 21.
Bxc6 Rxc6 22. Rxc6 bxc6 23. Rc1 Rc8 24. Qa4 f5 25. Qc4+ Kh8 26. Nc5 Rd8 27. Na4
Rd6 28. Qb3 Qd8 29. Nc3 Qf6 30. Rd1 Rxd1+ 31. Qxd1 Bd4 32. e3 Bxc3 33. bxc3 Qe7
34. Qa4 Qd7 35. c4 Kh7 36. Qb3 Kg6 37. a4 Qc7 38. c5 Kf6 39. Qc3 Ke6 40. Qc4+
Kf6 41. e4 Qd7 42. f3 Qd4+ 43. Qxd4 exd4 44. exf5 Kxf5 45. f4 Ke4 46. Kf2 Kd3
0-1

[Event "First Saturday 2011 februar FM-A"]
[Site "Budapest"]
[Date "2011.02.10"]
[Round "6"]
[White "Borda, Lajos"]
[Black "Tran, Minh Trang"]
[Result "1-0"]
[WhiteElo "2108"]
[BlackElo "2072"]
[PlyCount "69"]
[EventDate "2011.02.05"]

1. e4 e6 2. d4 d5 3. e5 c5 4. c3 Qb6 5. Nf3 Bd7 6. h4 cxd4 7. cxd4 Bb5 8. Bxb5+
Qxb5 9. Nc3 Bb4 10. Bd2 Bxc3 11. Bxc3 Nc6 12. a4 Qc4 13. a5 Nge7 14. Rh3 O-O-O
15. Nd2 Qb5 16. Qb3 Qxb3 17. Nxb3 b6 18. h5 Kb7 19. h6 g6 20. g4 Rhf8 21. g5
Rc8 22. Rd3 Rc7 23. Rdd1 Nf5 24. Ke2 Rfc8 25. Ra4 b5 26. Raa1 b4 27. Be1 Ka6
28. Kd3 Kb5 29. a6 Nfe7 30. f4 Nb8 31. Ra5+ Kb6 32. Bxb4 Nxa6 33. Bd6 Rb7 34.
Rda1 Nb8 35. Nc5 1-0

[Event "First Saturday 2011 februar FM-A"]
[Site "Budapest"]
[Date "2011.02.10"]
[Round "6"]
[White "Zala, Gyula"]
[Black "Lakat, Gyula"]
[Result "1-0"]
[WhiteElo "2023"]
[BlackElo "1930"]
[PlyCount "51"]
[EventDate "2011.02.05"]

1. d4 Nf6 2. e3 e6 3. c3 b6 4. f4 Bb7 5. Nf3 d6 6. Be2 Nbd7 7. O-O h5 8. Nbd2
Ne4 9. Nxe4 Bxe4 10. Ng5 Bg6 11. e4 Be7 12. f5 Bxg5 13. fxg6 fxg6 14. Qb3 Bf6
15. Qxe6+ Qe7 16. Qd5 Rb8 17. Bb5 Kd8 18. e5 Nxe5 19. dxe5 Qxe5 20. Qxe5 Bxe5
21. Bg5+ Kc8 22. Bc6 b5 23. Be3 b4 24. Bxa7 bxc3 25. bxc3 Bxc3 26. Rab1 1-0

[Event "First Saturday 2011 februar FM-A"]
[Site "Budapest"]
[Date "2011.02.10"]
[Round "6"]
[White "Szalanczy, Emil"]
[Black "Erdos, Boglarka"]
[Result "1-0"]
[WhiteElo "2239"]
[BlackElo "2157"]
[PlyCount "61"]
[EventDate "2011.02.05"]

1. e4 e6 2. d4 d5 3. Nc3 Nf6 4. e5 Nfd7 5. f4 c5 6. Nf3 Nc6 7. Ne2 b6 8. g3 Ba6
9. c3 Be7 10. Bh3 Rc8 11. O-O Nf8 12. Rf2 Qd7 13. Be3 Na5 14. b3 Qb5 15. f5 Rd8
16. Nf4 Bc8 17. Nh5 Rg8 18. f6 gxf6 19. exf6 Bd6 20. Ng7+ Kd7 21. dxc5 bxc5 22.
c4 Qb4 23. Bd2 Qb6 24. cxd5 Kc7 25. Qe1 Nb7 26. Ne5 exd5 27. Bxc8 Rxc8 28. Nxf7
Ng6 29. Qe6 Qc6 30. Rc1 Nd8 31. Ba5+ 1-0

[Event "First Saturday 2011 februar FM-A"]
[Site "Budapest"]
[Date "2011.02.11"]
[Round "7"]
[White "Erdos, Boglarka"]
[Black "Tomasek, Tamas Mate"]
[Result "1-0"]
[WhiteElo "2157"]
[BlackElo "1986"]
[PlyCount "67"]
[EventDate "2011.02.05"]

1. e4 e5 2. d4 exd4 3. Qxd4 Nc6 4. Qe3 d6 5. Nc3 Nf6 6. h3 g6 7. Bd2 Bd7 8.
O-O-O Qe7 9. g4 O-O-O 10. g5 Ng8 11. Nd5 Qe6 12. Bc3 f6 13. Bc4 Kb8 14. Bb3 Qe8
15. Nxf6 Nxf6 16. Bxf6 Be7 17. Bxh8 Qxh8 18. f4 Rf8 19. Ne2 h6 20. h4 Na5 21.
Nc3 Nxb3+ 22. axb3 c6 23. Rdf1 Qg7 24. Rhg1 h5 25. Qd3 Qf7 26. Ne2 d5 27. exd5
cxd5 28. Nc3 Bc6 29. f5 gxf5 30. g6 Qe6 31. g7 Qh6+ 32. Kb1 Rg8 33. Qxf5 Rxg7
34. Qe5+ 1-0

[Event "First Saturday 2011 februar FM-A"]
[Site "Budapest"]
[Date "2011.02.11"]
[Round "7"]
[White "Lakat, Gyula"]
[Black "Szalanczy, Emil"]
[Result "0-1"]
[WhiteElo "1930"]
[BlackElo "2239"]
[PlyCount "94"]
[EventDate "2011.02.05"]

1. e4 c5 2. Nf3 d6 3. d4 cxd4 4. Nxd4 Nf6 5. Nc3 g6 6. Be2 Bg7 7. O-O Nc6 8.
Nb3 O-O 9. Kh1 Be6 10. f4 Rc8 11. Be3 a6 12. a4 Na5 13. f5 Bd7 14. Bd3 Nc4 15.
Bc1 Ne5 16. a5 Bc6 17. Nd4 d5 18. Nxc6 Rxc6 19. Bf4 Nxd3 20. cxd3 dxe4 21. dxe4
Rxc3 22. Qxd8 Rxd8 23. bxc3 Nxe4 24. fxg6 hxg6 25. Rab1 Rd7 26. Rbe1 f5 27. g4
Bxc3 28. Re2 e6 29. gxf5 gxf5 30. Ra2 Kf7 31. Be3 Be5 32. Bf4 Bf6 33. Be3 Rd3
34. Bb6 Nc3 35. Raf2 Rd5 36. Rc2 Rb5 37. Rfc1 Rb3 38. Bf2 f4 39. Kg2 Kg6 40.
Be1 Ne4 41. Rc4 Kf5 42. Rb4 Ra3 43. Rxb7 Ra2+ 44. Kh1 f3 45. Rbb1 Be5 46. Bg3
Bxg3 47. hxg3 Nxg3+ 0-1

[Event "First Saturday 2011 februar FM-A"]
[Site "Budapest"]
[Date "2011.02.11"]
[Round "7"]
[White "Schimmer, Michael"]
[Black "Zala, Gyula"]
[Result "1-0"]
[WhiteElo "1889"]
[BlackElo "2023"]
[PlyCount "85"]
[EventDate "2011.02.05"]

1. e4 e5 2. Nf3 d5 3. exd5 e4 4. Qe2 Be7 5. Qxe4 Nf6 6. Bb5+ c6 7. dxc6 bxc6 8.
Bxc6+ Nxc6 9. Qxc6+ Bd7 10. Qa6 Rb8 11. Nc3 Rb6 12. Qxa7 Re6+ 13. Kd1 O-O 14.
Re1 Rc6 15. Qe3 Bc5 16. d4 Bg4 17. Bd2 Bxd4 18. Qe7 Qb8 19. Kc1 Bxf2 20. Rf1
Re8 21. Qxe8+ Qxe8 22. Rxf2 Re6 23. b3 Ne4 24. Nxe4 Rxe4 25. Kb2 f6 26. Bc3 Re2
27. Raf1 h5 28. Nd4 Re7 29. Nf5 Re6 30. h3 Be2 31. Re1 Ba6 32. Rd1 Re2 33. Nxg7
Kxg7 34. Rxf6 Kh7 35. Rxa6 Rxg2 36. Rad6 Rg3 37. Rd7+ Kh6 38. R1d6+ Kg5 39.
Bf6+ Kf4 40. Re7 Qf8 41. Be5+ Kg5 42. Rg7+ Kf5 43. Rf6+ 1-0

[Event "First Saturday 2011 februar FM-A"]
[Site "Budapest"]
[Date "2011.02.11"]
[Round "7"]
[White "Mayer, Istvan"]
[Black "Borda, Lajos"]
[Result "1/2-1/2"]
[WhiteElo "2069"]
[BlackElo "2108"]
[PlyCount "30"]
[EventDate "2011.02.05"]

1. e4 c6 2. d4 d5 3. Nc3 dxe4 4. Nxe4 Nf6 5. Nxf6+ exf6 6. Nf3 Bd6 7. Be2 O-O
8. O-O Re8 9. h3 Nd7 10. Bd3 Nf8 11. c3 Be6 12. Be3 Qc7 13. Nd2 Ng6 14. Qh5 Bf4
15. Bxf4 Qxf4 1/2-1/2